Basic electronics : (Record no. 12980)

000 -LEADER
fixed length control field 00464cam a2200169 i 4500
020 ## - INTERNATIONAL STANDARD BOOK NUMBER
ISBN 0070727619
040 ## - CATALOGING SOURCE
Transcribing agency DLC
082 00 - DEWEY DECIMAL CLASSIFICATION NUMBER
Classification number 621 GRE 1976 A044 Or.
100 1# - MAIN ENTRY--AUTHOR NAME
Personal name Zbar, Paul B.,
245 10 - TITLE STATEMENT
Title Basic electronics :
Remainder of title a text-lab manual /
250 ## - EDITION STATEMENT
Edition statement 4th ed.
260 ## - PUBLICATION, DISTRIBUTION, ETC. (IMPRINT)
Place of publication New York :
Name of publisher Gregg Division, McGraw-Hill,
Year of publication c1976.
300 ## - PHYSICAL DESCRIPTION
Number of Pages xiv, 305 p. :
Other physical details ill. ;
Dimensions 28 cm.
490 0# - SERIES STATEMENT
Series statement Basic electricity-electronics series
650 #0 - SUBJECT ADDED ENTRY--TOPICAL TERM
Topical Term Electronics.
942 ## - ADDED ENTRY ELEMENTS (KOHA)
Koha item type សៀវភៅភាសាអង់គ្លេស
952 ## - LOCATION AND ITEM INFORMATION (KOHA)
Withdrawn status [LOCAL, KOHA] 0
Holdings
Permanent Location Date acquired Koha item type Lost status Shelving location Barcode Current Location Full call number
Library Block A2017-08-18សៀវភៅភាសាអង់គ្លេស A044A19846Library Block A621 GRE 1976 A044 Or.
មជ្ឈមណ្ឌលឯការនៃសាកលវិទ្យាល័យភូមិន្ទកសិកម្មចំការដូង

Powered by Koha